Qui a chanté cette chanson? #2 - Statistiques

Statistiques générales
  • Ce quiz a été pris 176 fois
  • Le résultat moyen est 4 sur 10
Statistiques - réponses
Titre Chanteur % Correct
Comme d'habitude Claude François
73%
L'aigle noir Barbara
67%
Havana Camila Cabello
63%
Peaches Justin Bieber
44%
Memories Maroon 5
42%
Avec le temps Léo Ferré
33%
La nuit je mens Alain Bashung
29%
Message personnel Françoise Hardy
27%
Iko iko (My bestie) Justin Wellington
3%
Astronaut in the ocean Masked Wolf
2%
Aucun quiz correspondant
Distribution des résultats
% des personnes avec chaque résultat
Percentile par nombre de réponses
Votre historique - résultats
Vous n’avez pas pris ce quiz